| 000 | 00702nam a2200229Ia 4500 | ||
|---|---|---|---|
| 008 | 191130s2000##################000#0#eng## | ||
| 020 | _a9780880117869 | ||
| 022 | _a99038353 | ||
| 040 |
_aACL _cACL |
||
| 082 | _a362.29088796 YES | ||
| 245 |
_aAnabolic steroids in sport and exercise _cCharles E. Yesalis, editor |
||
| 250 | _a2nd ed | ||
| 260 |
_aChampaign, IL _bHuman Kinetics _cc2000 |
||
| 300 | _axviii, 493 p. : ill. ; 24 cm | ||
| 500 | _aIncludes bibliographical references and index | ||
| 650 | _aAnabolic steroids - Health aspects | ||
| 650 | _aDoping in sports | ||
| 700 | _aYesalis, Charles | ||
| 990 | _ac5063360ac10000c06f387de305f30d7 | ||
| 991 | _a358769 | ||
| 999 |
_c369394 _d369394 |
||